Dimensional Analysis for Engineers

This monograph provides the fundamentals of dimensional analysis and illustrates the method by numerous examples for a wide spectrum of applications in engineering. The book covers thoroughly the fundamental definitions and the Buckingham theorem, as well as the choice of the system of basic units....

Full description

Main Authors: Simon, Volker. (Author, http://id.loc.gov/vocabulary/relators/aut), Weigand, Bernhard. (http://id.loc.gov/vocabulary/relators/aut), Gomaa, Hassan. (http://id.loc.gov/vocabulary/relators/aut)
Corporate Author: SpringerLink (Online service)
Language:English
Published: Cham : Springer International Publishing : Imprint: Springer, 2017.
Edition:1st ed. 2017.
Series:Mathematical Engineering,
Subjects:
Online Access:https://doi.org/10.1007/978-3-319-52028-5
LEADER 03279nam a22006255i 4500
001 978-3-319-52028-5
003 DE-He213
005 20210617135357.0
007 cr nn 008mamaa
008 170209s2017 gw | s |||| 0|eng d
020 |a 9783319520285  |9 978-3-319-52028-5 
024 7 |a 10.1007/978-3-319-52028-5  |2 doi 
050 4 |a TJ1-1570 
072 7 |a TGB  |2 bicssc 
072 7 |a TEC009070  |2 bisacsh 
072 7 |a TGB  |2 thema 
082 0 4 |a 621  |2 23 
100 1 |a Simon, Volker.  |e author.  |4 aut  |4 http://id.loc.gov/vocabulary/relators/aut 
245 1 0 |a Dimensional Analysis for Engineers  |h [electronic resource] /  |c by Volker Simon, Bernhard Weigand, Hassan Gomaa. 
250 |a 1st ed. 2017. 
264 1 |a Cham :  |b Springer International Publishing :  |b Imprint: Springer,  |c 2017. 
300 |a XIV, 134 p. 29 illus., 1 illus. in color.  |b online resource. 
336 |a text  |b txt  |2 rdacontent 
337 |a computer  |b c  |2 rdamedia 
338 |a online resource  |b cr  |2 rdacarrier 
347 |a text file  |b PDF  |2 rda 
490 1 |a Mathematical Engineering,  |x 2192-4732 
505 0 |a Some Fundamentals of Dimenional Analysis -- Model Theory -- Illustrative Examples -- Similarity Solutions. 
520 |a This monograph provides the fundamentals of dimensional analysis and illustrates the method by numerous examples for a wide spectrum of applications in engineering. The book covers thoroughly the fundamental definitions and the Buckingham theorem, as well as the choice of the system of basic units. The authors also include a presentation of model theory and similarity solutions. The target audience primarily comprises researchers and practitioners but the book may also be suitable as a textbook at university level. 
650 0 |a Mechanical engineering. 
650 0 |a Computer mathematics. 
650 0 |a Physics. 
650 0 |a Thermodynamics. 
650 0 |a Heat engineering. 
650 0 |a Heat transfer. 
650 0 |a Mass transfer. 
650 0 |a Fluid mechanics. 
650 1 4 |a Mechanical Engineering.  |0 https://scigraph.springernature.com/ontologies/product-market-codes/T17004 
650 2 4 |a Computational Science and Engineering.  |0 https://scigraph.springernature.com/ontologies/product-market-codes/M14026 
650 2 4 |a Mathematical Methods in Physics.  |0 https://scigraph.springernature.com/ontologies/product-market-codes/P19013 
650 2 4 |a Engineering Thermodynamics, Heat and Mass Transfer.  |0 https://scigraph.springernature.com/ontologies/product-market-codes/T14000 
650 2 4 |a Engineering Fluid Dynamics.  |0 https://scigraph.springernature.com/ontologies/product-market-codes/T15044 
700 1 |a Weigand, Bernhard.  |e author.  |4 aut  |4 http://id.loc.gov/vocabulary/relators/aut 
700 1 |a Gomaa, Hassan.  |e author.  |4 aut  |4 http://id.loc.gov/vocabulary/relators/aut 
710 2 |a SpringerLink (Online service) 
773 0 |t Springer Nature eBook 
776 0 8 |i Printed edition:  |z 9783319520261 
776 0 8 |i Printed edition:  |z 9783319520278 
776 0 8 |i Printed edition:  |z 9783319848006 
830 0 |a Mathematical Engineering,  |x 2192-4732 
856 4 0 |u https://doi.org/10.1007/978-3-319-52028-5 
912 |a ZDB-2-ENG 
912 |a ZDB-2-SXE 
950 |a Engineering (SpringerNature-11647) 
950 |a Engineering (R0) (SpringerNature-43712)